书目信息 |
| 题名: |
幻想之眼
|
|
| 作者: | 张文质 著 | |
| 分册: | ||
| 出版信息: | 上海 华东师范大学出版社 2016 |
|
| 页数: | 247页 | |
| 开本: | 24cm | |
| 丛书名: | 大夏书系·教育新思考 | |
| 单 册: | ||
| 中图分类: | G4-53 | |
| 科图分类: | ||
| 主题词: | 教育--jiao yu--文集 | |
| 电子资源: | ||
| ISBN: | 978-7-5675-4894-7 | |
| 000 | 00980nam0 22002771 450 | |
| 001 | 1760939024 | |
| 005 | 20170621092352.72 | |
| 010 | @a978-7-5675-4894-7@dCNY39.80 | |
| 100 | @a20161012d2016 em y0chiy50 ea | |
| 101 | 0 | @achi |
| 102 | @aCN@b310000 | |
| 105 | @ay z 000yy | |
| 106 | @ar | |
| 200 | 1 | @a幻想之眼@9huan xiang zhi yan@e一个教育者的内在冲突@f张文质著 |
| 205 | @a2版@b修订版 | |
| 210 | @a上海@c华东师范大学出版社@d2016 | |
| 215 | @a247页@d24cm | |
| 225 | 2 | @a大夏书系·教育新思考@9da xia shu xi jiao yu xin si kao |
| 330 | @a本书收录了《野地里的灵魂》《在北京的短暂停留》《旅行者本身就是旅行》《自我审讯仍在继续》《用你的舌头也许就可以理解中国》等文章。 | |
| 461 | 0 | @12001 @a大夏书系·教育新思考 |
| 517 | 1 | @a一个教育者的内在冲突@9yi ge jiao yu zhe de nei zai chong tu |
| 606 | 0 | @a教育@9jiao yu@j文集 |
| 690 | @aG4-53@v5 | |
| 701 | 0 | @a张文质@9zhang wen zhi@f(1963~)@4著 |
| 801 | 0 | @aCN@b百万庄@c20170617 |
| 905 | @b1013685-7@dG4-53@e198=2@f3 | |
| 幻想之眼:一个教育者的内在冲突/张文质著 .-2版,修订版.-上海:华东师范大学出版社,2016 |
| 247页;24cm.-(大夏书系·教育新思考) |
| ISBN 978-7-5675-4894-7:CNY39.80 |
| 本书收录了《野地里的灵魂》《在北京的短暂停留》《旅行者本身就是旅行》《自我审讯仍在继续》《用你的舌头也许就可以理解中国》等文章。 |
| ● |
| 相关链接 |
|
|
|
|
正题名:幻想之眼
索取号:G4-53/198=2
 
预约/预借
| 序号 | 登录号 | 条形码 | 馆藏地/架位号 | 状态 | 备注 |
| 1 | 1013685 | 210136850 | 第一样本阅览室/ [索取号:G4-53/198=2] | 在馆 | |
| 2 | 1013686 | 210136869 | 第四借阅区/ [索取号:G4-53/198=2] | 在馆 | |
| 3 | 1013687 | 210136878 | 教育系资料室/ [索取号:G4-53/198=2] | 在馆 |